Využitie drevnej biomasy

Analýza nákladov vykurovania konkrétneho rodinného domu umiestneného v Košiskej oblasti s ohľadom na cenu energie a typ zdroja tepla.

Saved in:
Bibliographic Details
Main Author: Bosák, Martin, 1967-
Other Authors: Krajňák, Jozef, Andrejovský, Pavol, 1975-
Format: Book Chapter
Language:Slovak
Subjects:
Tags: Add Tag
No Tags, Be the first to tag this record!

MARC

LEADER 00000naa$a2200000$$$4500
001 0143334
005 20240502072554.2
041 0 |a slo 
044 |a SK 
245 1 0 |a Využitie drevnej biomasy  |c Martin Bosák, Jozef Krajňák, Pavol Andrejovský 
520 |a Analýza nákladov vykurovania konkrétneho rodinného domu umiestneného v Košiskej oblasti s ohľadom na cenu energie a typ zdroja tepla. 
610 2 0 |a zdroje energie alternatívne 
610 2 0 |a biomasa 
610 2 0 |a drevo 
610 2 0 |a odpad 
610 2 0 |a náklady 
610 2 0 |a teplo 
100 1 |a Bosák, Martin, 1967- 
700 1 |a Krajňák, Jozef 
700 1 |a Andrejovský, Pavol, 1975-